| 000 | 00559nam a2200169 4500 | ||
|---|---|---|---|
| 001 | 127743 | ||
| 003 | ES-MaACL | ||
| 005 | 20230906193057.0 | ||
| 007 | t| | ||
| 008 | 070214m19121913it r ||||1| ita d | ||
| 100 | 1 |
_aRinolfi, Giuseppe. _997291 |
|
| 245 | 1 | 3 |
_aIl dogma catollico nell'ora presente / _cGiuseppe Rinolfi. |
| 260 |
_aTorino : _b[s.n.], _c1912-13 ( _fTipografia Pontificia) |
||
| 300 |
_a2 v. ; _c19 cm. |
||
| 505 | 8 | _aContiene: Vol. I. Introduzione. Il simbolo. Vol. II. La vita della natura e della grazia | |
| 852 |
_aES-MaACL _jF-12567-12568 |
||
| 999 |
_c127743 _d127743 |
||